| 000 | 00783 a2200253 4500 | ||
|---|---|---|---|
| 003 | MN-UlNLM | ||
| 005 | 20230303183542.0 | ||
| 008 | a130s1963 mp ||||| |||| 00| 0 mon d | ||
| 040 | _aМонгол Улсын Үндэсний номын сан | ||
| 041 | _amon | ||
| 084 |
_a413Орос _210-t _bУ 315 _q80 |
||
| 110 | _aБНМАУ-ын шинжлэх ухааны хүрээлэн | ||
| 245 | 0 | _aУлсын нэр томъёоны комиссын мэдээ | |
| 250 | _a1 | ||
| 260 | 1 |
_aУБ _bШУАХ _c1968 |
|
| 300 | _a124х | ||
| 490 |
_aЭрдэс, эрдэнийн чулууны нэр томъёо _v№ 72- 73 |
||
| 546 |
_aRussia _aMongolia |
||
| 653 | _aХэл шинжлэл | ||
| 740 | _aА-Я. | ||
| 856 | _aprintbook | ||
| 942 | _cBK | ||
| 999 |
_c7721 _d7721 |
||